00440cam a2200157ua 45000010005000000080039000050400009000440820013000531000036000662450062001022500009001642600040001733000017002136530018002306530034002483882111207n ii |||gr||||Z||||||asm cMAIN a891.45111 aSarma, Basanta Kumar,eEditor.,11aMahendra Borar kabita Sambharced. by Basanta Kumar Sarma a1st. aGuwahati:bSarada Prakashan,c2004. a460p:c23cm. aAssamese poem aMahendra Borar kabita Sambhar